The Mind of the Strategist / The Art of Japanese Business (Record no. 1078)
[ view plain ]
| 000 -LEADER | |
|---|---|
| fixed length control field | 01211cam a22001934a 4500 |
| 005 - ΗΜΕΡΟΜΗΝΙΑ ΚΑΙ ΩΡΑ ΤΕΛΕΥΤΑΙΑΣ ΕΝΗΜΕΡΩΣΗΣ | |
| Πεδίο ελέγχου | 20250605163957.0 |
| 008 - FIXED-LENGTH DATA ELEMENTS--GENERAL INFORMATION | |
| Πεδίο ελέγχου σταθερού μήκους | 250528s ||||||||||||||||||||||||d |
| 035 ## - SYSTEM CONTROL NUMBER | |
| System control number | 15502 |
| 020 ## - ISBN | |
| ISBN | 70479046 |
| 040 ## - ΠΗΓΗ ΚΑΤΑΛΟΓΟΓΡΑΦΗΣΗΣ | |
| Φορέας πρωτότυπης καταλογογράφησης | MC Athens Campus Library |
| Γλώσσα καταλογογράφησης | Ελληνικά, Μοντέρνα (1453-) |
| Modifying agency | MC Athens Campus Library |
| Κανόνες περιγραφικής καταλογογράφησης | AACR2 |
| 245 1# - ΤΙΤΛΟΣ ΚΑΙ ΔΗΛΩΣΗ ΥΠΕΥΘΥΝΟΤΗΤΑΣ | |
| Τίτλος | The Mind of the Strategist / The Art of Japanese Business |
| 260 ## - PUBLICATION, DISTRIBUTION, ETC. | |
| Name of publisher, distributor, etc. | Mcgraw Hill, Inc, |
| Date of publication, distribution, etc. | 1982 |
| 300 ## - PHYSICAL DESCRIPTION | |
| Extent | 288 |
| 520 ## - SUMMARY, ETC. | |
| Summary, etc. | This work inspires managers at all levels to new heights of bold, imaginative strategic thinking. Introduction, The Art of Strategic Thinking, Analysis: The Starting Point, Four Routes to Strategic Advantage, Focusing on Key Factors, Building on Relative Superiority, Pursuing Aggressive Initiatives, Exploiting Strategic Degrees of Freedom, The Secret of Strategic Vision, Building Successful Strategies, The Strategic Triangle, Customer-Based Strategies, Corporate-Based Strategies, Competitor-Based Strategies, Corporate Strategy, Modern Strategic Realities, Understanding the Economic Environment, Coping with Strategic Change, Japan: Myths and Realities, Foresighted Decision Making, A Strategic Success Formula?, Index. |
| 700 1# - ΠΡΟΣΘΕΤΗ ΑΝΑΓΡΑΦΗ--ΦΥΣΙΚΟ ΠΡΟΣΩΠΟ | |
| Personal name | Ohmae Kenichi |
| 9 (RLIN) | 1434 |
| 942 ## - ADDED ENTRY ELEMENTS (KOHA) | |
| Koha item type | Books |
| Τύπος τεκμηρίου | Βιβλιοθήκη | Τρέχουσα τοποθεσία | Barcode | Αριθμός εισαγωγής | Ημερομηνία απόκτησης | Ταξιθετικό σύμβολο | Αριθμός αντιτύπου | Κατάσταση απόσυρσης | Κατάσταση χαμένου | Κατάσταση κατεστραμμένου | Μη δανεισμός | Σύνολο δανεισμών | Ημερομηνία τελευταίας εμφάνισης | Η τιμή ισχύει από |
|---|---|---|---|---|---|---|---|---|---|---|---|---|---|---|
| Books | MC Athens Campus Library | MC Athens Campus Library | 9780000010773 | 1848 | 05/06/2025 | 658.4/012 OHM | 1 | 05/06/2025 | 05/06/2025 |